000 00275nam a2200109Ia 4500
008 200302s9999 xx 000 0 und d
100 _aP. K. Joy
245 _aHand Book Of Construction Management 2nd ed
260 _bMacmillan Indian Ltd.
260 _c1991
300 _a484 P.,
999 _c1879
_d1879